| 000 | 00680nam a22001697a 4500 | ||
|---|---|---|---|
| 999 |
_c509680 _d509680 |
||
| 082 | _aAPPPA 2018-19\GUR | ||
| 100 |
_aSandhu, Gurbaksh Singh _95798 |
||
| 245 |
_aForce development and modernisation in Indian defence: _bAn analysis _cby Gurbaksh Singh Sandhu |
||
| 260 |
_aNew Delhi _bIndian Institute of Public Administration _c2019 |
||
| 300 | _a98p. | ||
| 500 | _aAPPPA Dissertation, 2018-19 (Guide: Prof. C.Sheela Reddy) | ||
| 650 |
_aIndia -- Military policy. _96402 |
||
| 650 |
_aIndia -- Armed Forces -- Appropriations and expenditures. _96403 |
||
| 650 |
_aIndia. -- Army. _96404 |
||
| 650 |
_aIndia. -- Indian Navy. _96405 |
||
| 650 |
_aIndia. -- Indian Air Force. _96406 |
||